Prentice Hall's Handbook of Laboratory & Diagnostic Tests : (Record no. 13717)
[ view plain ]
| 000 -LEADER | |
|---|---|
| fixed length control field | 02372cam a22004934a 4500 |
| 001 - CONTROL NUMBER | |
| control field | 15095026 |
| 005 - DATE AND TIME OF LATEST TRANSACTION | |
| control field | 20161120105325.0 |
| 008 - FIXED-LENGTH DATA ELEMENTS--GENERAL INFORMATION | |
| fixed length control field | 071121s2009 njua |rbf 001 0 eng |
| 010 ## - LIBRARY OF CONGRESS CONTROL NUMBER | |
| LC control number | 2007048240 |
| 015 ## - NATIONAL BIBLIOGRAPHY NUMBER | |
| National bibliography number | GBA806057 |
| Source | bnb |
| 016 7# - NATIONAL BIBLIOGRAPHIC AGENCY CONTROL NUMBER | |
| Record control number | 101321574 |
| Source | DNLM |
| 016 7# - NATIONAL BIBLIOGRAPHIC AGENCY CONTROL NUMBER | |
| Record control number | 014492986 |
| Source | Uk |
| 020 ## - INTERNATIONAL STANDARD BOOK NUMBER | |
| International Standard Book Number | 9780135142783 (pbk.) |
| 020 ## - INTERNATIONAL STANDARD BOOK NUMBER | |
| International Standard Book Number | 0135142784 (pbk.) |
| 035 ## - SYSTEM CONTROL NUMBER | |
| System control number | (OCoLC)ocn182613552 |
| 035 ## - SYSTEM CONTROL NUMBER | |
| System control number | (OCoLC)182613552 |
| 040 ## - CATALOGING SOURCE | |
| Original cataloging agency | DNLM/DLC |
| Transcribing agency | DLC |
| Modifying agency | NLM |
| -- | BAKER |
| -- | YDXCP |
| -- | UKM |
| -- | C#P |
| -- | DLC |
| 042 ## - AUTHENTICATION CODE | |
| Authentication code | pcc |
| 050 00 - LIBRARY OF CONGRESS CALL NUMBER | |
| Classification number | RB38.2 |
| Item number | .K44 2009 |
| 060 00 - NATIONAL LIBRARY OF MEDICINE CALL NUMBER | |
| Classification number | 2008 E-119 |
| 060 10 - NATIONAL LIBRARY OF MEDICINE CALL NUMBER | |
| Classification number | QY 39 |
| Item number | K26h 2009 |
| 082 00 - DEWEY DECIMAL CLASSIFICATION NUMBER | |
| Edition number | 22 |
| Classification number | 616.075 |
| Item number | KEE |
| 100 1# - MAIN ENTRY--PERSONAL NAME | |
| Personal name | Kee, Joyce LeFever. |
| 9 (RLIN) | 12836 |
| 245 10 - TITLE STATEMENT | |
| Title | Prentice Hall's Handbook of Laboratory & Diagnostic Tests : |
| Remainder of title | with Nursing Implications / |
| Statement of responsibility, etc | Joyce LeFever Kee. |
| 246 3# - VARYING FORM OF TITLE | |
| Title proper/short title | Prentice Hall's handbook of laboratory and diagnostic tests |
| 246 30 - VARYING FORM OF TITLE | |
| Title proper/short title | Handbook of laboratory and diagnostic tests |
| 250 ## - EDITION STATEMENT | |
| Edition statement | 6th ed. |
| 260 ## - PUBLICATION, DISTRIBUTION, ETC. (IMPRINT) | |
| Place of publication, distribution, etc | Upper Saddle River, N.J. : |
| Name of publisher, distributor, etc | Pearson/Prentice Hall, 2009 |
| Date of publication, distribution, etc | c2009. |
| 300 ## - PHYSICAL DESCRIPTION | |
| Extent | xxii, 681 p. : |
| Other physical details | ill. ; |
| Dimensions | 18 cm. |
| 500 ## - GENERAL NOTE | |
| General note | Rev. ed. of: Prentice Hall's handbook of laboratory & diagnostic tests / Joyce LeFever Kee. 5th ed. 2004. |
| 504 ## - BIBLIOGRAPHY, ETC. NOTE | |
| Bibliography, etc | Includes bibliographical references and index. |
| 505 0# - FORMATTED CONTENTS NOTE | |
| Formatted contents note | Considerations for use of laboratory tests -- List of laboratory tests -- Laboratory tests -- Considerations for use of diagnostic tests -- List of diagnostic tests -- Diagnostic tests -- School health services: education, screening, and testing -- Therapeutic drug monitoring (TDM). |
| 650 #0 - SUBJECT ADDED ENTRY--TOPICAL TERM | |
| Topical term or geographic name as entry element | Diagnosis, Noninvasive |
| Form subdivision | Handbooks, manuals, etc. |
| 9 (RLIN) | 12838 |
| 650 #0 - SUBJECT ADDED ENTRY--TOPICAL TERM | |
| Topical term or geographic name as entry element | Nursing |
| Form subdivision | Handbooks, manuals, etc. |
| 9 (RLIN) | 12839 |
| 650 12 - SUBJECT ADDED ENTRY--TOPICAL TERM | |
| Topical term or geographic name as entry element | Laboratory Techniques and Procedures |
| Form subdivision | Handbooks. |
| 9 (RLIN) | 12840 |
| 650 12 - SUBJECT ADDED ENTRY--TOPICAL TERM | |
| Topical term or geographic name as entry element | Laboratory Techniques and Procedures |
| Form subdivision | Nurses' Instruction. |
| 9 (RLIN) | 12841 |
| 650 22 - SUBJECT ADDED ENTRY--TOPICAL TERM | |
| Topical term or geographic name as entry element | Diagnostic Tests, Routine |
| Form subdivision | Handbooks. |
| 9 (RLIN) | 12842 |
| 650 22 - SUBJECT ADDED ENTRY--TOPICAL TERM | |
| Topical term or geographic name as entry element | Diagnostic Tests, Routine |
| Form subdivision | Nurses' Instruction. |
| 9 (RLIN) | 12843 |
| 650 #0 - SUBJECT ADDED ENTRY--TOPICAL TERM | |
| 9 (RLIN) | 12837 |
| Topical term or geographic name as entry element | Diagnosis, Laboratory |
| Form subdivision | Handbooks, manuals, etc. |
| 700 1# - ADDED ENTRY--PERSONAL NAME | |
| Personal name | Kee, Joyce LeFever. |
| Title of a work | Prentice Hall's handbook of laboratory & diagnostic tests. |
| 9 (RLIN) | 12844 |
| 856 41 - ELECTRONIC LOCATION AND ACCESS | |
| Materials specified | Table of contents only |
| Uniform Resource Identifier | <a href="http://www.loc.gov/catdir/toc/ecip085/2007048240.html">http://www.loc.gov/catdir/toc/ecip085/2007048240.html</a> |
| 942 ## - ADDED ENTRY ELEMENTS (KOHA) | |
| Source of classification or shelving scheme | Dewey Decimal Classification |
| Item type | |
| Withdrawn status | Item status | Source of classification or shelving scheme | Damaged status | Not for loan | Vendor | Home library | Current library | Shelving location | Date acquired | Source of acquisition | Cost, normal purchase price | Serial Enumeration / chronology | Total Checkouts | Total Renewals | Full call number | Barcode | Date last seen | Date last borrowed | Koha item type |
|---|---|---|---|---|---|---|---|---|---|---|---|---|---|---|---|---|---|---|---|
| Dewey Decimal Classification | Alahram | Central Library | Central Library | First floor | 16/03/2010 | 199.00 | 572 | 7 | 23 | 616.075 KEE | 000019746 | 15/07/2025 | 15/03/2012 | Book - Borrowing |